| 000 | 00410nam a2200145Ia 4500 | ||
|---|---|---|---|
| 008 | 220204s9999 xx 000 0 und d | ||
| 082 |
_a576 _bSHA |
||
| 100 | _aSHARP, Lester W | ||
| 245 | 0 | _aFundamentals of cytology. | |
| 260 |
_aNew York _bMcGraw Hill _c1943 |
||
| 490 | _aMcGraw Hill publications in the botanical sciences. Ed by Edmund W Sinnott | ||
| 650 | _aCytology | ||
| 650 | _aMeiosis | ||
| 942 | _cBK | ||
| 999 |
_c19909 _d19909 |
||